The Great Vocabulary Letter Hack - Statistics

General Stats
  • This quiz has been taken 16,898 times
    16,389 since last reset
  • The average score is 10 of 15
Answer Stats
Question Answer % Correct
A city's elected leader Major
88%
Great sadness Borrow
87%
Cleaning liquid Deterrent
87%
To run very quickly Spring
87%
Retirement income Tension
86%
Legal protection for an invention Parent
85%
Erect in character or posture Uptight
85%
Common board game Chest
84%
An assembly of witches Covet
84%
Extremely angry Engaged
84%
Grime; dirt Fifth
84%
Aquatic mammal Other
84%
To rearrange into a random order Souffle
84%
The speed of music Tempt
84%
Tall building Towel
84%
A brief appearance in a film Camel
83%
Young person Chile
83%
Terrifying Scarf
83%
To separate into pieces for examination Dissent
82%
A composition for two performers Dust
82%
A noticeable imperfection Flemish
82%
A prison official Garden
82%
To put in Insect
82%
Material that fertilizes land Mature
82%
Military vessel Worship
82%
A judging committee Bury
81%
Wizardry Manic
81%
A heavy downpour of rain Torment
81%
Brass instrument Tuna
81%
To sleep Plumber
80%
To attack with gunfire from a low-flying plane Strife
80%
Public sale Suction
80%
Worth Valve
80%
To cope with change; to fit in Adopt
79%
Still in existence; active Olive
79%
A stabbing weapon Baronet
78%
Appreciative Graceful
78%
To lift up Heist
78%
To annoy Mother
78%
Large member of the deer family Mouse
78%
A criminal; a con man Croak
77%
Therefore Fence
77%
A dough used to make pies Pantry
77%
To turn on one foot Pilot
77%
Happy Contest
76%
To force something out of the throat or lungs Couch
76%
A cessation of existence; death Devise
76%
To throw out by physical force Elect
76%
Auctioneer's hammer Navel
76%
A release from legal penalties Parson
76%
A religious community Convert
75%
The more recent of two events Letter
75%
To con Spindle
75%
Culinary herb Funnel
74%
An operatic song Arid
73%
Self-esteem Egg
73%
To blackmail; to obtain by coercion Export
73%
A long-billed wading bird Iris
73%
A small bag Puree
73%
To alert someone to danger Earn
72%
Large game fish Margin
72%
An act of retaliation Revenue
72%
A formal division or split within a church Schist
72%
A celebrity Stir
72%
Bound by an oath Swoon
72%
Natural ability; skill Altitude
71%
Literary category or type Genie
71%
Fragrant smoke Intense
71%
Antecedent; former Precious
71%
To discolor something by burning Scotch
71%
Motion detector, eg. Senior
71%
Stretched tight; lacking slack Tout
71%
Moreover Alto
70%
To invalidate Cancer
70%
A foreboding sign Oven
70%
To figure out Seduce
70%
At a distance; way over there Wonder
70%
A novel or drama appearing in installments Aerial
69%
A social outcast Parish
69%
To strike one's foot on the ground Swamp
69%
To pare wood with a knife Whistle
68%
Crafted on a loom Women
68%
To surpass in cleverness Outfit
67%
Fireplace residue Root
67%
Apologetic Worry
67%
A stash of treasure Prove
66%
To make amends Recent
66%
To move to a different place or position Shirt
66%
A stress given to a syllable Accept
65%
A material used for producing a spark Faint
65%
To move about in a sly or secret manner Lark
65%
To become less intense Relay
65%
Exemplary Yodel
65%
To decrease in force or intensity Agate
64%
A large, mounted gun Canyon
64%
A loose outer garment Clock
64%
To make changes to Emit
64%
People Fork
64%
To give a party; to entertain Hoot
64%
A small injury or wound Lesson
64%
Community of admiring followers Random
64%
The main stem of a plant Stale
64%
A covering for a bed Built
63%
Window installer Glacier
63%
To do harm to Insure
63%
Juvenile; teenager Mouth
63%
A slight or pale coloration Pint
63%
White inner skin of an orange Pity
63%
A narrow cut or opening Suit
63%
A strong saline solution Bribe
62%
A movie subtitle Caution
62%
An intense enthusiasm Fewer
62%
The sense of taste Palace
62%
Customer Patrol
62%
An individual page of a manuscript Polio
62%
A deep ravine Charm
61%
Conspiracy Collision
61%
To seep out Doze
61%
Purpose; aim Invention
61%
A braid of hair Plain
61%
An early Briton, or Hibernian, eg. Cent
60%
A period of time Four
60%
An intense longing Lush
60%
Worked hard Toilet
60%
To obscure or conceal Veal
60%
Sufficient Apple
59%
Conflict; disagreement Fraction
59%
Present but unseen; dormant Lament
59%
Enthusiast Lower
59%
Long-eared equid Monkey
59%
To dress or groom oneself carefully Prime
59%
Eager; enthusiastic Amid
58%
To become enlarged or widened Pilate
58%
An owner of a country estate Squirm
58%
Artistic refinement Vulture
58%
To discuss or deliberate Coffer
57%
Pleasant; friendly Denial
57%
Sudden disappointment Dismal
57%
An artificial channel for conveying water Flute
57%
To fix or repair Menu
57%
Ration; allotment Quoth
57%
A boar or sow Seine
57%
Laughter Birth
56%
To calculate; to make sense Compete
56%
Snobbish; holier-than-thou Naughty
56%
Fabric stiffener Search
56%
A guitar technique Serum
56%
Smoothly sophisticated Shave
56%
Fraudulent Bonus
55%
Extended family; close-knit group Cyan
54%
Government representative Enjoy
54%
Gymnastics apparatus House
54%
A restless desire or compulsion Inch
54%
To experience extreme heat Shelter
54%
To float on the breeze Watt
54%
Parcel of land Trace
53%
Engaged in activities Bush
52%
A hard or brittle outer surface Crush
52%
To perceive; to catch sight of Detest
52%
A place where food is stored Ladder
52%
To stir up or tend a fire Smoke
52%
To treat with contempt Sworn
52%
Difficult for a layman to understand Arcade
51%
A group of schemers and plotters Canal
51%
A dog's skin disease Mango
51%
Brink; threshold Verse
51%
An abnormal growth on the body Cast
50%
Vanity Concept
50%
Inheritance Request
50%
Barely sufficient Scent
50%
Imitation chocolate Carol
49%
A primary branch of a tree Lime
49%
To bring about or cause (havoc, eg.) Break
48%
A Scottish hillside Brie
48%
To rub so as to wear away Chase
48%
A crude, run-down, dirty house Hotel
48%
Turbulent; tempestuous Rouge
48%
Intense enthusiasm Mafia
47%
The highest point Ache
46%
To persuade or cajole someone Coal
45%
Opulent and lavish; ritzy Lure
45%
Distinguished bravery; great skill Profess
45%
Women's loose-fitting undergarment Chemist
44%
Skillful; dexterous Debt
44%
Truncheon Bacon
41%
Deceitful cunning; duplicity Guilt
41%
A crazy person; a diving bird Lion
41%
To wear a sullen expression; to sulk Poet
41%
Something of little value Triple
41%
A sudden invasion Forty
40%
A routine job Choke
39%
To suppress a vowel or syllable in speech Glide
38%
Touching along a boundary or at a point Continuous
37%
A single thing or entity Knit
37%
Frost Hour
35%
To beat or vibrate rhythmically Throw
33%
Pacific Island, whose citizens are New Zealanders Nice
32%
Deceived Created
27%
To incite; to stir up trouble Moment
27%
To pour with rain Them
26%
No matching quizzes found
Score Distribution
Percent of People with Each Score
Percentile by Number Answered
Your Score History
You have not taken this quiz since the last reset